Futbolistas ganadores Liga de Campeones de la UEFA - ¡Muerte súbita! - Estadísticas

Estadísticas generales
  • Esta prueba ha sido intentada 18.472 veces
    13.636 desde el último reinicio
  • La puntuación promedio es 7 de 30
Answers on the Grid
Answers color-coded by a green-red scale on the quiz's grid according to % correct below.
Toni Kroos
Luka Modrić
Paolo Maldini
Cristiano Ronaldo
Karim Benzema
Clarence Seedorf
Mateo Kovačić
David Alaba
Lionel Messi
Raphaël Varane
Ferenc Puskás
Johan Cruijff
Franz Beckenbauer
Raúl
Dani Alves
Keylor Navas
Karl-Heinz Rummenigge
Carlo Ancelotti
Edwin van der Sar
Xabi Alonso
Sergi Roberto
Álvaro Morata
James Rodríguez
Xherdan Shaqiri
Thomas Müller
Ousmane Dembélé
Didier Drogba
Alessandro Del Piero
Fernando Torres
Robert Lewandowski
Diego Maradona
Ronaldo
Gianluigi Buffon
Lothar Matthäus
Dennis Bergkamp
Michael Ballack
Zlatan Ibrahimović
Patrick Vieira
Gabriel Batistuta
George Weah
Pavel Nedvěd
Ruud van Nistelrooy
Eric Cantona
Roberto Baggio
Michael Owen
Hernan Crespo
Cesc Fabregas
Francesco Totti
Fabio Cannavaro
Lilian Thuram
Lautaro Martínez
Hugo Lloris
Mats Hummels
Paul Pogba
Edinson Cavani
Gianluca Zambrotta
Diego Forlán
Mesut Özil
Miroslav Klose
Robinho
 
Estadísticas de respuestas
Respuesta % Correcto
Cristiano Ronaldo
34%
Lionel Messi
34%
Luka Modrić
34%
Karim Benzema
33%
Toni Kroos
32%
Dani Alves
31%
Xabi Alonso
31%
Keylor Navas
30%
Ousmane Dembélé
30%
Robert Lewandowski
30%
David Alaba
29%
Raphaël Varane
29%
Thomas Müller
28%
Raúl
26%
James Rodríguez
24%
Álvaro Morata
22%
Didier Drogba
22%
Mateo Kovačić
22%
Paolo Maldini
21%
Sergi Roberto
21%
Carlo Ancelotti
19%
Johan Cruijff
16%
Edwin van der Sar
14%
Clarence Seedorf
13%
Ferenc Puskás
13%
Fernando Torres
13%
Franz Beckenbauer
12%
Xherdan Shaqiri
8%
Alessandro Del Piero
7%
Karl-Heinz Rummenigge
4%
No se encontraron pruebas coincidentes
Distribución de puntuación
Porcentaje de gente con cada puntuación
Porcentaje por número respondido
Historial de tus puntuaciones
No has intentado esta prueba desde el último reinicio